El Padre Cobos (Record no. 1594)

MARC details
000 -LEADER
campo de control de longitud fija 01001nas a22003011i#4500
001 - NÚMERO DE CONTROL
campo de control 1594
003 - IDENTIFICADOR DE NÚMERO DE CONTROL
campo de control ES-MaACL
005 - FECHA Y HORA DE LA ÚLTIMA TRANSACCIÓN
campo de control 20250724062547.0
007 - CAMPO FIJO DE DESCRIPCIÓN FÍSICA--INFORMACIÓN GENERAL
campo de control de longitud fija t|
008 - DATOS DE LONGITUD FIJA--INFORMACIÓN GENERAL
campo de control de longitud fija 950801d18541856sp w| | 1 ||pa d
080 ## - NÚMERO DE LA CLASIFICACIÓN DECIMAL UNIVERSAL
Número de la Clasificación Decimal Universal (460)
080 ## - NÚMERO DE LA CLASIFICACIÓN DECIMAL UNIVERSAL
Número de la Clasificación Decimal Universal 07
080 ## - NÚMERO DE LA CLASIFICACIÓN DECIMAL UNIVERSAL
Número de la Clasificación Decimal Universal 008
245 03 - MENCIÓN DEL TÍTULO
Título El Padre Cobos
Resto del título : periódico de política, literatura y artes.
260 ## - PUBLICACIÓN, DISTRIBUCIÓN, ETC.
Lugar de publicación, distribución, etc. Madrid :
Nombre del editor, distribuidor, etc. El Padre Cobos,
Fecha de publicación, distribución, etc. 1854-1856 (
Fabricante Imprenta de A. Vicente)
300 ## - DESCRIPCIÓN FÍSICA
Extensión v ;
Dimensiones 38 cm.
310 ## - PERIODICIDAD ACTUAL
Periodicidad actual 6 n. al mes,
Fecha de comienzo de la periodicidad actual 3 dic. 1854-30 jun. 1856
321 ## - PERIODICIDAD ANTERIOR
Periodicidad anterior Semanal,
Fechas de la periodicidad anterior 24 sept.-26 nov. 1854
362 0# - FECHAS DE PUBLICACIÓN Y/O DESIGNACIÓN SECUENCIAL
Fecha de publicación y/o designación secuencial 1ª época, año I, nº 1 (24 sep. 1854)-año 1, nº 52 (1 jul. 1855) ; 2ª época, año 2, nº 1 (5 sep. 1855)-año 2, nº 60 (30 jun. 1856)
650 14 - PUNTO DE ACCESO ADICIONAL DE MATERIA--TÉRMINO DE MATERIA
Término de materia o nombre geográfico como elemento de entrada Periódicos
9 (RLIN) 15941
650 #7 - PUNTO DE ACCESO ADICIONAL DE MATERIA--TÉRMINO DE MATERIA
Término de materia o nombre geográfico como elemento de entrada Cultura
Fuente del encabezamiento o término embne
9 (RLIN) 170963
852 ## - LOCALIZACIÓN
Ubicación ES-MaACL
Número de control de estantería C-1397 ;
852 ## - LOCALIZACIÓN
Ubicación ES-MaACL
Número de control de estantería R-2939
Signatura antigua Olim:C1069
866 #0 - MENCIÓN TEXTUAL DE FONDOS--UNIDAD BIBLIOGRÁFICA BÁSICA
Fondos (1854 f.n2)(1855 f.n1)1856
866 #0 - MENCIÓN TEXTUAL DE FONDOS--UNIDAD BIBLIOGRÁFICA BÁSICA
Fondos 1854-1856
942 ## - ELEMENTOS DE ENTRADA SECUNDARIOS (KOHA)
Fuente del sistema de clasificación o colocación Clasificación decimal universal
Tipo de ítem Koha Periódico
Holdings
Estatus retirado Estado de pérdida Fuente del sistema de clasificación o colocación Estado de daño No para préstamo Colección Biblioteca de origen Biblioteca actual Ubicación en estantería Fecha de adquisición Total de préstamos Signatura topográfica completa Código de barras Visto por última vez Precio de reemplazo Tipo de ítem Koha
    Clasificación decimal universal     Periódicos y Revistas Biblioteca del Ateneo de Madrid Biblioteca del Ateneo de Madrid Depósito 17/01/2008   R-2939 1001628 23/02/2023 23/02/2023 Periódico
    Clasificación decimal universal     Periódicos y Revistas Biblioteca del Ateneo de Madrid Biblioteca del Ateneo de Madrid Sala Palomar 17/01/2008   C-1397 1001627 23/02/2023 23/02/2023 Periódico